A garden of eden : (Record no. 32489)

MARC details
000 -LEADER
fixed length control field 00731nam a2200253 i 4500
001 - CONTROL NUMBER
control field C2-0118715
003 - CONTROL NUMBER IDENTIFIER
control field PPAK
005 - DATE AND TIME OF LATEST TRANSACTION
control field 20180727111436.0
008 - FIXED-LENGTH DATA ELEMENTS--GENERAL INFORMATION
fixed length control field 970803s1986 enka|||| ||||| | eng d
020 ## - INTERNATIONAL STANDARD BOOK NUMBER
International Standard Book Number 0195826582
040 ## - CATALOGING SOURCE
Original cataloging agency PPAK
Language of cataloging eng
Transcribing agency PPAK
Description conventions rda
082 04 - DEWEY DECIMAL CLASSIFICATION NUMBER
Classification number 581.50959
Edition number 23
090 00 - LOCALLY ASSIGNED LC-TYPE CALL NUMBER (OCLC); LOCAL CALL NUMBER (RLIN)
Classification number (OCLC) (R) ; Classification number, CALL (RLIN) (NR) 581.50959
Feature heading VEE
Feature heading G
Classification number (OCLC) (R) ; Classification number, CALL (RLIN) (NR) 581.50959
Feature heading VEE
Feature heading R
100 1# - MAIN ENTRY--PERSONAL NAME
Personal name Veevers, Carter W.,
Relator term author
245 12 - TITLE STATEMENT
Title A garden of eden :
Remainder of title plant life in south-East Asia
264 #1 - PRODUCTION, PUBLICATION, DISTRIBUTION, MANUFACTURE, AND COPYRIGHT NOTICE
Place of production, publication, distribution, manufacture Oxford :
Name of producer, publisher, distributor, manufacturer Oxford University Press ,
Date of production, publication, distribution, manufacture, or copyright notice 1986
300 ## - PHYSICAL DESCRIPTION
Extent 59 pages :
Other physical details colour illustrations ;
Dimensions 20 cm
336 ## - CONTENT TYPE
Source rdacontent
Content type term text
337 ## - MEDIA TYPE
Source rdamedia
Media type term unmediated
338 ## - CARRIER TYPE
Source rdacarrier
Carrier type term volume
650 10 - SUBJECT ADDED ENTRY--TOPICAL TERM
Topical term or geographic name entry element Botany - Ecology
942 ## - ADDED ENTRY ELEMENTS (KOHA)
-- dc
Koha item type Book
Holdings
Withdrawn Not for loan Current library Shelving location Date acquired Full call number Barcode Date last seen Koha item type
    Perpustakaan Alor Setar Pinjaman Dewasa 03/08/1997 581.50959 VEE A00014825 08/05/2018 Book
    Perpustakaan Kulim Pinjaman Dewasa 18/12/2003 581.50959 VEE A00323174 08/05/2018 Book
  Not For Loan Perpustakaan Kulim Rujukan Dewasa 14/03/2004 R 581.50959 VEE A00342301 08/05/2018 Book
  Not For Loan Perpustakaan Langkawi Rujukan Dewasa 23/10/2005 R 581.50959 VEE A00355523 08/05/2018 Book